Music Quiz

Random Music Quiz

Guess the Song in 5 minutes #315 Quiz Stats

Quiz not verified by Sporcle

Challenge
Share
Tweet
Embed
Score 0/11 Timer 05:00
0 Plays Today
Clue No.: Clue: % Correct
Answer???
100%
Type 10 for clue???
28.6%
Type 9 for clue???
23.8%
Type 7 for clue???
14.3%
Type 5 for clue???
14.3%
Type 8 for clue???
14.3%
Type 6 for clue???
14.3%
Type 4 for clue???
9.5%
Type 1 for clue???
4.8%
Type 2 for clue???
4.8%
Type 3 for clue???
4.8%

You're not logged in!

Compare scores with friends on all Sporcle quizzes.
Join for Free
OR
Log In

You Might Also Like...

Show Comments

Extras

Top Quizzes Today


Score Distribution

Your Account Isn't Verified!

In order to create a playlist on Sporcle, you need to verify the email address you used during registration. Go to your Sporcle Settings to finish the process.

Report this User

Report this user for behavior that violates our Community Guidelines.

Details: